000 00890nam a22002897a 4500
001 131
003 FISKH
005 20230228122801.0
008 230228b cb ||||| |||| 00| 0 eng d
020 _a9780545231626
040 _aDLC
_cDLC
_dDLC
050 0 0 _aQL696.S473
_bS37 2009
082 0 0 _a598.47
_222
100 1 _aSchreiber, Anne.
245 1 0 _aPenguins! /
_cAnne Schreiber.
260 _aWashington, D.C. :
_bNational Geographic,
_c2009.
300 _a31 p. :
_bcol. ill., col. map ;
_c23 cm.
490 0 _aNational Geographic science readers. Level 2
490 0 _aNational Geographic kids
505 _aK
521 8 _a580
_bLexile
521 8 _aK
_bRaz-Plus
650 0 _aPenguins
_vJuvenile literature.
856 4 1 _3Table of contents only
_uhttp://www.loc.gov/catdir/toc/ecip0819/2008022879.html
906 _a7
_bcbc
_corignew
_d1
_eecip
_f20
_gy-gencatlg
942 _2ddc
_cBK
_n0
999 _c131
_d131